00664nam a22002177a 450000500170000000800410001702000150005804000720007304100080014506000150015324500540016825000120022226000510023430000370028565000140032265000160033665000250035265000240037765000170040170000280041820240524103045.0130821s2004 xxua gr eng  a0323022251 aCo-BoUCMbspacDavid Moreno (modificó)dDavid Moreno (modificó)00aeng10aQT 4bP57800aPhysiologyceditores Robert M. Berne ... [et al.] a5a. Ed. aSan Luis (Misuri, Estados Unidos)bMosbyc2004 ax, 1014 Páginasbilustraciones04aCélulas04aDigestión04aFisiología celular04aFisiología humana04aFisiología1 aBerne, Robert M.d1918-